Electronic instrumentation / (Record no. 11993)

000 -LEADER
fixed length control field 00382nam a2200133 4500
008 - FIXED-LENGTH DATA ELEMENTS--GENERAL INFORMATION
fixed length control field 210115b ||||| |||| 00| 0 eng d
082 00 - DEWEY DECIMAL CLASSIFICATION NUMBER
Classification number 621.38154
Item number K148
100 ## - MAIN ENTRY--PERSONAL NAME
9 (RLIN) 4256
Personal name Kalsi, H. S.
245 10 - TITLE STATEMENT
Title Electronic instrumentation /
260 ## - PUBLICATION, DISTRIBUTION, ETC. (IMPRINT)
Place of publication, distribution, etc New Delhi:
Name of publisher, distributor, etc Tata McGraw-Hill,
Date of publication, distribution, etc 1995.
300 ## - PHYSICAL DESCRIPTION
Extent xix, 635 p.
650 #0 - SUBJECT ADDED ENTRY--TOPICAL TERM
Topical term or geographic name as entry element Electronics Instruments
942 ## - ADDED ENTRY ELEMENTS (KOHA)
Source of classification or shelving scheme
Item type Books
Holdings
Withdrawn status Lost status Source of classification or shelving scheme Damaged status Not for loan Permanent location Current location Date acquired Full call number Barcode Date last seen Koha item type
          IMU Kolkata IMU Kolkata 2021-01-15 621.38154 K148 08498 2021-01-15 Books
Designed and Maintained by IMU-KC Library, Kolkata Campus © Copyright All Rights Reserved

webs counters

Powered by Koha